Slet bubeníků Gathering of drummers

Další autoři: Fajt, Pavel, 1957-
Jazyk: Angličtina
Vydáno: Brno : Indies, p2005
Témata:
Fyzický popis: 2 zvukové desky (43:03, 45:04) : digital ; 12 cm + 1 brožura [20 s.]
Language note: Text v brožuře česky a anglicky
Zvukové nahrávky
Uloženo v:
LEADER 01456njm a2200385 a 4500
001 000829130
003 CZ BrMZK
005 20061123105333.0
007 sd fsngnnmmned
008 061017s2005 xr mu g f eng d
028 0 0 |a MAM 278-2  |b Indies 
040 |a BOA001  |b cze 
041 1 |g cze  |g eng 
047 |a pp  |a jz  |a zz 
072 7 |a 784  |x Vokální hudba  |2 Konspekt  |9 9 
080 |a 785.16  |2 MRF 
080 |a 78.036.9  |2 MRF 
080 |a (086.76)  |2 MRF 
245 0 0 |a Slet bubeníků  |h [zvukový záznam] =  |b Gathering of drummers 
246 3 1 |a Gathering of drummers 
260 |a Brno :  |b Indies,  |c p2005 
300 |a 2 zvukové desky (43:03, 45:04) :  |b digital ;  |c 12 cm +  |e 1 brožura [20 s.] 
306 |a 004303  |a 004504 
500 |a Kompaktní desky 
505 0 0 |t Sun dance --  |t Eurotango --  |t Matamali --  |t Kumbala --  |t Urna II --  |t Six hands --  |t Flying bull --  |t Urna solo --  |t Moon dance --  |t Montuno --  |t 4th chakra --  |t Cowboy song --  |t Reggae samba --  |t Kalimba good bye 
511 1 |a Pavel Fajt a další 
518 |a Nahráno 3. října 2004 v Laterně Magice v Praze 
546 |a Text v brožuře česky a anglicky 
650 0 7 |a populární hudba  |7 ph124352  |2 czenas 
655 7 |a kompaktní desky  |7 fd201991  |2 czenas 
700 1 |a Fajt, Pavel,  |d 1957-  |7 jn19981001023  |4 itr 
910 |a BOA001  |b CD-0013.419 
990 |a AV 
991 |b 200611 
996 6 |b 261H014809  |c CD-0013.419  |l MZK  |r Sklad / do 24 hodin  |n 1  |w 000829130  |u 000010  |a 1  |e BOA001  |j MZK50  |s P